Chuyên đề bồi dưỡng giáo viên trung học phổ thông môn Địa Lí
Địa lí biển Đông và xu hướng phát triển kinh tế Việt Nam hiện nay; Ba vùng kinh tế trọng điểm và tố chức sản xuất lãnh thổ ở Việt Nam; Một số vấn đề hiện đại về môi trướng thế giới và tai biến thiên nhiên ở Việt Nam; Đổi mới ph...
Uloženo v:
| Médium: | Kniha |
|---|---|
| Jazyk: | Undetermined |
| Vydáno: |
Hà Nội
Văn hóa Thông tin
2013
|
| Témata: | |
| Tagy: |
Přidat tag
Žádné tagy, Buďte první, kdo otaguje tento záznam!
|
| Thư viện lưu trữ: | Trung tâm Học liệu Trường Đại học Cần Thơ |
|---|
| LEADER | 01188nam a2200193Ia 4500 | ||
|---|---|---|---|
| 001 | CTU_210625 | ||
| 008 | 210402s9999 xx 000 0 und d | ||
| 082 | |a 915.97 | ||
| 082 | |b Ch527 | ||
| 245 | 0 | |a Chuyên đề bồi dưỡng giáo viên trung học phổ thông môn Địa Lí | |
| 245 | 0 | |c Nguyễn Thám ... [et al.] | |
| 260 | |a Hà Nội | ||
| 260 | |b Văn hóa Thông tin | ||
| 260 | |c 2013 | ||
| 520 | |a Địa lí biển Đông và xu hướng phát triển kinh tế Việt Nam hiện nay; Ba vùng kinh tế trọng điểm và tố chức sản xuất lãnh thổ ở Việt Nam; Một số vấn đề hiện đại về môi trướng thế giới và tai biến thiên nhiên ở Việt Nam; Đổi mới phương pháp dạy học địa lí ở trung học phổ thông | ||
| 650 | |a Geography teachers,Geography,Giáo viên Địa lý,Địa lý | ||
| 650 | |x Training of.,Study and teaching (Higher),Đào tạo,Giảng dạy và học tập (giáo dục phổ thông) | ||
| 904 | |i Qhieu | ||
| 980 | |a Trung tâm Học liệu Trường Đại học Cần Thơ | ||